star wars pic quiz - Statistics

General Stats
  • This quiz has been taken 36 times
  • The average score is 12 of 13
Answer Stats
Picture Answer % Correct
c3po
97%
darth maul
97%
darth vader
97%
han solo
97%
luke skywalker
97%
princess leia
97%
r2-d2
97%
storm trooper
97%
yoda
97%
chewbacca
94%
rey
94%
Obi-wan kenobi
84%
the emperor
84%
No matching quizzes found
Score Distribution
Percent of People with Each Score
Percentile by Number Answered
Your Score History
You have not taken this quiz